000 00263nam a2200097Ia 4500
008 220204s9999 xx 000 0 und d
082 _aNR:061.3
_bANR
245 0 _aConstitution and procedures and financial rules
260 _aKuala Lumpur
_bANRPC
_c1980
942 _cBK
999 _c43423
_d43423